Logo BPK

Biblioteka

Politechniki Koszalińskiej

Kompendium międzynarodowych uregulowań prawno-ekonomicznych organizmów żywych oraz żywności genetycznie modyfikowanej / (Rekord nr 54103)

Szczegóły MARC
000 -ETYKIETA REKORDU
podpole kontrolne o stałej długości 01059nam a2200253 i 4500
001 - NUMER KONTROLNY REKORDU
pole kontrolne bg
020 ## - MIĘDZYNARODOWY ZNORMALIZOWANY NUMER KSIĄŻKI - ISBN
ISBN 8388587374
040 ## - ŹRÓDŁO KATALOGOWANIA
Instytucja, która utworzyła rekord BPK
041 0# - KOD JĘZYKA
Kod języka tekstu pol
044 ## - KOD KRAJU WYDAWCY/PRODUCENTA
Kod kraju wydawcy/producenta POL
080 ## - UNIWERSALNA KLASYFIKACJA DZIESIĘTNA - UKD
UKD 604.6:663/664:349.6](438)(094.4):341.24(094.4)
920 ## - Międzynarodowy znormalizowany numer książki – ISBN
ISBN 83-88587-37-4
008 - POLE O STAŁEJ DŁUGOŚCI - DANE KONTROLNE
podpole kontrolne o stałej długości s pl f |000 0 pol
245 00 - TYTUŁ/ODPOWIEDZIALNOŚĆ
Tytuł Kompendium międzynarodowych uregulowań prawno-ekonomicznych organizmów żywych oraz żywności genetycznie modyfikowanej /
Pozostałe elementy strefy tytułu i oznaczenia odpowiedzialności Henryk Maciołek [et al.] ; Wyższa Szkoła Ekonomii i Administracji w Bytomiu.
260 ## - STREFA ADRESU WYDAWNICZEGO
Miejsce wydania Bytom :
Nazwa wydawcy/dystrybutora Wyższa Szkoła Ekonomii i Administracji,
Data publikacji, dystrybucji/powstania dokumentu 2005.
300 ## - STREFA OPISU FIZYCZNEGO
Objętość 520 s. :
Inne cechy fizyczne fot. ;
Rozmiary 24 cm.
504 ## - UWAGA DOTYCZĄCA BIBLIOGRAFII
Informacje o bibliografii Bibliogr., wykaz aktów prawnych.
650 #9 - HASŁO PRZEDMIOTOWE W FORMIE NAZWY OGÓLNEJ LUB JEDNOSTKOWEJ
Nazwa ogólna lub geograficzna Organizmy transgeniczne
Określnik ogólny prawo międzynarodowe
Określnik chronologiczny stan na 2005 r.
650 #9 - HASŁO PRZEDMIOTOWE W FORMIE NAZWY OGÓLNEJ LUB JEDNOSTKOWEJ
Nazwa ogólna lub geograficzna Organizmy transgeniczne
Określnik ogólny prawo
Określnik geograficzny Polska
Określnik chronologiczny stan na 2005 r.
650 #9 - HASŁO PRZEDMIOTOWE W FORMIE NAZWY OGÓLNEJ LUB JEDNOSTKOWEJ
Nazwa ogólna lub geograficzna Żywność transgeniczna
Określnik ogólny prawo międzynarodowe
Określnik geograficzny Polska
Określnik chronologiczny stan na 2005 r.
650 #9 - HASŁO PRZEDMIOTOWE W FORMIE NAZWY OGÓLNEJ LUB JEDNOSTKOWEJ
Nazwa ogólna lub geograficzna Żywność transgeniczna
Określnik ogólny prawo
Określnik geograficzny Polska
Określnik chronologiczny stan na 2005 r.
700 1# - HASŁO DODATKOWE - NAZWA OSOBOWA
Nazwa osobowa Maciołek, Henryk.
856 ## - LOKALIZACJA I DOSTĘP DO ELEKTRONICZNYCH DOKUMENTÓW ZDALNYCH
Link (URL) http://koha.tu.koszalin.pl/cgi-bin/koha/opac-detail.pl?biblionumber=54103
Tekst linku Katalog online BPK
942 ## - DODATKOWE ELEMENTY (KOHA)
Typ dokumentu Książka
Egzemplarze
Wycofany Status egzemplarza Uszkodzony Dostępność Lokalizacja stała Lokalizacja bieżąca Miejsce przechowywania Sygnatura Kod kreskowy Dział Typ dokumentu
      Tylko na miejscu Biblioteka Politechniki Koszalińskiej Biblioteka Politechniki Koszalińskiej Czytelnia BG 84989 02389271 349.6 Prawo ochrony środowiska Książka
© 2023 Biblioteka Politechniki Koszalińskiej :: KOHA